00949nam a2200253 a 4500001001000000003000500010005001700015008004100032010001100073011001100084040000900095100003300104245011900137260004100256500006000297502008300357650002600440650003900466650003400505650003500539650003500574856001600609856007000625000113914CHAP20220329144419.0171006s2017 mx a fsm |||||||spa d a110375 a111347 cCHAP1 aBurgos Herrera , Omar Edén10aTerritorialidad y campesinado en el oriente del Estado de Morelos /h[En línea]cpor Omar Edén Burgos Herrera. aChapingo, Méx. :bEl autor,c2017. aPara ver el contenido del material haga clic en la liga aTesis (Ph.D. en Ciencias Agrarias) -- UACH. Departamento de Sociología Rural14aCampesinadoxMorelos.14aMorelosxCondiciones económicas.14aMorelosxCondiciones rurales.14aMorelosxCondiciones sociales.14aMovimientos socialeszMorelos. a1 n0001062 aFinding aiduhttp://10.13.5.2/tesis/sist113914.pdfzTeclea aquí